[Event "Luxembourg-chT 9899"]
[Site "Luxembourg"]
[Date "1998.10.18"]
[Round "1"]
[White "Mauquoi, Rudi"]
[Black "Recht, Romain"]
[Result "1-0"]
[WhiteElo "2060"]
[BlackElo "1995"]
[PlyCount "75"]
[EventDate "1998.10.08"]
[EventType "team"]
[EventRounds "10"]
[EventCountry "LUX"]
[SourceTitle "EXT 2005"]
[Source "ChessBase"]
[SourceDate "2004.11.15"]
[SourceVersion "1"]
[SourceVersionDate "2004.11.15"]
[SourceQuality "1"]

1. c4 Nf6 2. g3 c6 3. Bg2 d5 4. cxd5 cxd5 5. d4 Nc6 6. Nc3 e6 7. Nf3 Be7 8. 0-0 0-0 9. Re1 Bb4 10. a3 Ba5 11. b4 Bb6 12. Bg5 h6 13. Bf4 Ne4 14. Na4 Bc7 15. Bxc7 Qxc7 16. Rc1 Qd6 17. Nc5 Nxc5 18. dxc5 Qc7 19. Qb3 a6 20. Red1 Bd7 21. Rd2 Rfd8 22. Rcd1 Ne7 23. Rc1 e5 24. e3 Be6 25. Qb2 f6 26. Ne1 Rac8 27. Rcd1 b6 28. cxb6 Qxb6 29. Nd3 Bf7 30. Nc5 a5 31. Bh3 Rc6 32. Rc1 Rcd6 33. bxa5 Qxb2 34. Rxb2 Ra8 35. Rb7 Ng6 36. a6 Rdxa6 37. Nxa6 Rxa6 38. Rc8+ 1-0

[Event "Luxembourg-chT 9798"]
[Site "Luxembourg"]
[Date "1998.01.25"]
[Round "6"]
[White "Mauquoi, Rudi"]
[Black "Wolff, Serge"]
[Result "0-1"]
[WhiteElo "2045"]
[BlackElo "2060"]
[PlyCount "59"]
[EventDate "1997.10.??"]
[EventType "team"]
[EventRounds "10"]
[EventCountry "LUX"]
[SourceTitle "EXT 2005"]
[Source "ChessBase"]
[SourceDate "2004.11.15"]
[SourceVersion "1"]
[SourceVersionDate "2004.11.15"]
[SourceQuality "1"]

1. e4 e5 2. Nc3 Nc6 3. Bc4 Nf6 4. d3 Bc5 5. f4 d6 6. f5 h6 7. a3 Ne7 8. Qe2 c6 9. Bb3 d5 10. Bd2 Qd6 11. Nf3 Bd7 12. exd5 Bxf5 13. dxc6 Nxc6 14. 0-0-0 0-0 15. Rhf1 Bg4 16. h3 Nd4 17. Qe1 Bxf3 18. gxf3 Bxa3 19. bxa3 Qxa3+ 20. Kb1 Nxb3 21. cxb3 Qxb3+ 22. Kc1 Rac8 23. Qxe5 Rfe8 24. Qf5 Rxc3+ 25. Bxc3 Qxc3+ 26. Kb1 Re6 27. Rf2 Rb6+ 28. Ka2 Qb3+ 29. Ka1 Qa3+ 30. Ra2 0-1

[Event "Luxembourg-chT 9798"]
[Site "Luxembourg"]
[Date "1997.12.14"]
[Round "4"]
[White "Mauquoi, Rudi"]
[Black "Kilian, Ralf"]
[Result "1-0"]
[WhiteElo "2045"]
[BlackElo "2160"]
[PlyCount "82"]
[EventDate "1997.10.??"]
[EventType "team"]
[EventRounds "10"]
[EventCountry "LUX"]
[SourceTitle "EXT 2005"]
[Source "ChessBase"]
[SourceDate "2004.11.15"]
[SourceVersion "1"]
[SourceVersionDate "2004.11.15"]
[SourceQuality "1"]

1. e4 g6 2. d4 Bg7 3. Nf3 d6 4. Bc4 c6 5. 0-0 d5 6. exd5 cxd5 7. Bd3 Nc6 8. c3 Nf6 9. Re1 0-0 10. Bg5 a6 11. Nbd2 h6 12. Bh4 g5 13. Bg3 Nh5 14. Nxg5 Nxg3 15. Bh7+ Kh8 16. hxg3 f6 17. Nf7+ Rxf7 18. Qh5 Rf8 19. Bc2 Qe8 20. Qxd5 e5 21. Nf3 Be6 22. Qc5 Qf7 23. Nh4 Ne7 24. Qxe7 Qxe7 25. Ng6+ Kg8 26. Nxe7+ Kf7 27. Ng6 Rfd8 28. Nh4 Rd6 29. Bg6+ Kf8 30. dxe5 fxe5 31. f4 Rd2 32. fxe5 Bd5 33. Rad1 Rxd1 34. Rxd1 Bxa2 35. Rd7 Bxe5 36. Be4 Bxg3 37. Ng6+ Ke8 38. Rxb7 Bd6 39. Bc6+ Kd8 40. Rd7+ Kc8 41. Rxd6 Kc7 1-0

[Event "Luxembourg-chT 9798"]
[Site "Luxembourg"]
[Date "1997.11.16"]
[Round "2"]
[White "Kaber, Claude"]
[Black "Mauquoi, Rudi"]
[Result "0-1"]
[WhiteElo "2185"]
[BlackElo "2045"]
[PlyCount "58"]
[EventDate "1997.10.??"]
[EventType "team"]
[EventRounds "10"]
[EventCountry "LUX"]
[SourceTitle "EXT 2005"]
[Source "ChessBase"]
[SourceDate "2004.11.15"]
[SourceVersion "1"]
[SourceVersionDate "2004.11.15"]
[SourceQuality "1"]

1. e4 e6 2. d4 d5 3. e5 c5 4. c3 Nc6 5. Nf3 Qb6 6. Bd3 cxd4 7. cxd4 Bd7 8. Nc3 Nxd4 9. Nxd4 Qxd4 10. 0-0 a6 11. Qe2 Rc8 12. Kh1 Bc5 13. f4 Ne7 14. Bd2 Nf5 15. Bxf5 exf5 16. Rf3 Qc4 17. e6 fxe6 18. Rd3 0-0 19. b3 Qb4 20. Nxd5 Qe4 21. Ne7+ Bxe7 22. Qxe4 fxe4 23. Rxd7 Bf6 24. Re1 Rfd8 25. Rxd8+ Rxd8 26. Ba5 Rd5 27. Bb4 a5 28. Ba3 Bc3 29. Rc1 e3 0-1